[Event "HUN-chT2 Breyer 2122"]
[Site "Hungary"]
[Date "2021.12.19"]
[Round "4.7"]
[White "Jencsik, Attila"]
[Black "Bilibok, Csaba"]
[Result "0-1"]
[WhiteElo "1759"]
[BlackElo "1642"]
[PlyCount "104"]
[EventDate "2021.10.10"]
[EventType "team-tourn"]
[EventRounds "9"]
[EventCountry "HUN"]
[SourceTitle "EXT 2025"]
[Source "ChessBase"]
[SourceDate "2024.10.14"]
[SourceVersion "1"]
[SourceVersionDate "2024.10.14"]
[SourceQuality "1"]
[WhiteTeam "Zsambek"]
[BlackTeam "Torokbalint"]
[WhiteTeamCountry "HUN"]
[BlackTeamCountry "HUN"]

1. e4 Nc6 2. d4 a6 3. Nf3 e6 4. Nc3 Bb4 5. Bd2 h6 6. Bd3 Nge7 7. 0-0 Bxc3 8. Bxc3 d5 9. exd5 Nxd5 10. Bd2 Qf6 11. c3 0-0 12. Re1 Bd7 13. Bc2 Rfe8 14. Qe2 Nce7 15. Rad1 Ng6 16. Bc1 Nde7 17. Ne5 Bc6 18. Nxc6 Nxc6 19. Be4 Nge7 20. Qc2 Nd5 21. a3 Rab8 22. Qd3 Nce7 23. Qg3 c6 24. Rd3 Nf5 25. Qg4 Nde7 26. Bd2 Qh4 27. Qe2 Nd6 28. Bf3 Nd5 29. g3 Qf6 30. Bg2 Qg6 31. Bc1 Nf6 32. Bf4 Rbd8 33. Rdd1 Nd5 34. Bc1 Ne7 35. c4 b5 36. b3 Ndf5 37. Qe5 bxc4 38. bxc4 Nd6 39. Qc5 Qc2 40. Bf1 Ne4 41. Qe5 Qxf2+ 42. Kh1 Nf6 43. Bg2 Ng4 44. Qe4 h5 45. Re2 Qf5 46. Qxf5 Nxf5 47. Bxc6 Re7 48. d5 exd5 49. Rb2 d4 50. Bd5 Rde8 51. Kg2 Nge3+ 52. Bxe3 Nxe3+ 0-1

[Event "HUN-chT2 Breyer 1819"]
[Site "Hungary"]
[Date "2019.02.24"]
[Round "6.9"]
[White "Jencsik, Attila"]
[Black "Kiss, Balazs3"]
[Result "0-1"]
[WhiteElo "1795"]
[BlackElo "1796"]
[PlyCount "62"]
[EventDate "2018.10.28"]
[EventType "team-tourn"]
[EventRounds "9"]
[EventCountry "HUN"]
[SourceTitle "CBM 189 Extra"]
[Source "ChessBase"]
[SourceDate "2019.05.31"]
[SourceVersion "1"]
[SourceVersionDate "2019.05.31"]
[SourceQuality "1"]
[WhiteTeam "Zsambek"]
[BlackTeam "Vizugy"]
[WhiteTeamCountry "HUN"]
[BlackTeamCountry "HUN"]

1. e4 Nf6 2. e5 Nd5 3. Nc3 Nxc3 4. dxc3 Nc6 5. Nf3 d6 6. Bb5 Bd7 7. exd6 cxd6 8. 0-0 Ne5 9. Bxd7+ Nxd7 10. Re1 e6 11. Bg5 Be7 12. Bxe7 Qxe7 13. Nd4 Qg5 14. Nxe6 fxe6 15. Rxe6+ Kf7 16. Rxd6 Nf6 17. Qe2 Rhe8 18. Qc4+ Kf8 19. Rad1 Re7 20. f4 Qh5 21. h3 Rae8 22. Qb4 Kg8 23. Qc4+ Kf8 24. Qd3 Re3 25. Qd4 Re2 26. Qb4 R2e7 27. c4 a5 28. Qb6 Qe2 29. Qxa5 Qe3+ 30. Kh1 Qg3 31. Qf5 Re1+ 0-1

[Event "HUN-chT2 Breyer 1819"]
[Site "Hungary"]
[Date "2018.12.02"]
[Round "3.10"]
[White "Bernula, Istvan"]
[Black "Jencsik, Attila"]
[Result "1-0"]
[WhiteElo "1848"]
[BlackElo "1795"]
[PlyCount "55"]
[EventDate "2018.10.28"]
[EventType "team-tourn"]
[EventRounds "9"]
[EventCountry "HUN"]
[SourceTitle "CBM 189 Extra"]
[Source "ChessBase"]
[SourceDate "2019.05.31"]
[SourceVersion "1"]
[SourceVersionDate "2019.05.31"]
[SourceQuality "1"]
[WhiteTeam "Torokbalint"]
[BlackTeam "Zsambek"]
[WhiteTeamCountry "HUN"]
[BlackTeamCountry "HUN"]

1. e4 e5 2. Nf3 Nc6 3. Bc4 Bc5 4. c3 Nf6 5. d4 exd4 6. cxd4 Bb4+ 7. Bd2 Bxd2+ 8. Nbxd2 d5 9. exd5 Nxd5 10. 0-0 0-0 11. h3 Be6 12. Rc1 Nb6 13. Bxe6 fxe6 14. Qb3 Nxd4 15. Nxd4 Qxd4 16. Qxe6+ Kh8 17. Nf3 Qxb2 18. Rxc7 Rae8 19. Rf7 Qb4 20. Qf5 Rxf7 21. Qxf7 Qe7 22. Qh5 g6 23. Qb5 Qe2 24. Qa5 Ra8 25. Re1 Qb2 26. Qg5 Qxa2 27. Qf6+ Kg8 28. Re7 1-0

[Event "HUN-chT2 Breyer 1819"]
[Site "Hungary"]
[Date "2018.10.28"]
[Round "1.9"]
[White "Jencsik, Attila"]
[Black "Fellegi, Tibor"]
[Result "0-1"]
[WhiteElo "1795"]
[BlackElo "1917"]
[PlyCount "72"]
[EventDate "2018.10.28"]
[EventType "team-tourn"]
[EventRounds "9"]
[EventCountry "HUN"]
[SourceTitle "CBM 189 Extra"]
[Source "ChessBase"]
[SourceDate "2019.05.31"]
[SourceVersion "1"]
[SourceVersionDate "2019.05.31"]
[SourceQuality "1"]
[WhiteTeam "Zsambek"]
[BlackTeam "Szekesfehervar"]
[WhiteTeamCountry "HUN"]
[BlackTeamCountry "HUN"]

1. e4 c5 2. Nf3 Nc6 3. d4 cxd4 4. Nxd4 g6 5. Nc3 Bg7 6. Be3 Qa5 7. Be2 Nf6 8. 0-0 0-0 9. Nb3 Qd8 10. f4 d6 11. Bf3 a6 12. a3 Bd7 13. Rb1 Rc8 14. Nd5 Nxd5 15. exd5 Na5 16. Nd2 Bf5 17. Be4 Nc4 18. Nxc4 Bxe4 19. Qe2 Qc7 20. b3 Qb8 21. Bf2 f5 22. Rbc1 b5 23. Nb6 Rc7 24. Qe3 Rc3 25. Qd2 Qc7 26. Bd4 Rxc2 27. Rxc2 Qxc2 28. Rf2 Qxd2 29. Rxd2 Bxd4+ 30. Rxd4 Rb8 31. Nd7 Rb7 32. Ne5 dxe5 33. fxe5 Kf7 34. g4 Rc7 35. gxf5 gxf5 36. d6 Rd7 0-1

[Event "HUN-chT2 Breyer 1617"]
[Site "Hungary"]
[Date "2017.03.12"]
[Round "8.9"]
[White "Nagy, Csaba1"]
[Black "Jencsik, Attila"]
[Result "0-1"]
[WhiteElo "1970"]
[BlackElo "1785"]
[PlyCount "50"]
[EventDate "2016.10.30"]
[EventType "team-tourn"]
[EventRounds "9"]
[EventCountry "HUN"]
[SourceTitle "EXT 2021"]
[Source "ChessBase"]
[SourceDate "2020.10.23"]
[SourceVersion "1"]
[SourceVersionDate "2020.10.23"]
[SourceQuality "1"]
[WhiteTeam "Vizugy"]
[BlackTeam "Zsambek"]
[WhiteTeamCountry "HUN"]
[BlackTeamCountry "HUN"]

1. e4 e5 2. f4 exf4 3. Nf3 g5 4. Bc4 Bg7 5. 0-0 Nc6 6. d4 d6 7. h3 h6 8. c3 Nf6 9. Bd3 0-0 10. b4 a6 11. a4 Bd7 12. Bb2 Re8 13. d5 Ne5 14. Nxe5 dxe5 15. Nd2 c6 16. c4 Qb6+ 17. Kh1 Qxb4 18. Qc2 cxd5 19. Ba3 Qxa4 20. Qb2 Nxe4 21. Bb4 Ng3+ 22. Kg1 Qc6 23. cxd5 Qb6+ 24. Rf2 e4 25. Qa3 exd3 0-1

[Event "HUN-chT2 Breyer 1617"]
[Site "Hungary"]
[Date "2016.12.11"]
[Round "4.10"]
[White "Szucs, Janos"]
[Black "Jencsik, Attila"]
[Result "0-1"]
[WhiteElo "1708"]
[BlackElo "1791"]
[PlyCount "72"]
[EventDate "2016.10.30"]
[EventType "team-tourn"]
[EventRounds "9"]
[EventCountry "HUN"]
[SourceTitle "EXT 2021"]
[Source "ChessBase"]
[SourceDate "2020.10.23"]
[SourceVersion "1"]
[SourceVersionDate "2020.10.23"]
[SourceQuality "1"]
[WhiteTeam "Nyergesujfalu"]
[BlackTeam "Zsambek"]
[WhiteTeamCountry "HUN"]
[BlackTeamCountry "HUN"]

1. e4 e5 2. Nf3 Nc6 3. d4 exd4 4. Nxd4 Bc5 5. Be3 Qf6 6. c3 Nge7 7. Be2 0-0 8. Nxc6 Qxc6 9. Bxc5 Qxc5 10. 0-0 d5 11. Nd2 Be6 12. Qc2 Rad8 13. Rad1 d4 14. Nb3 Bxb3 15. Qxb3 dxc3 16. bxc3 b6 17. Rxd8 Rxd8 18. Rd1 Rxd1+ 19. Qxd1 Qd6 20. Qxd6 cxd6 21. f3 Kf8 22. Kf2 f5 23. Ke3 Kf7 24. exf5 Nxf5+ 25. Kf4 Kf6 26. Ke4 Ne7 27. Bc4 g5 28. f4 g4 29. h3 gxh3 30. gxh3 h5 31. Be2 h4 32. Kf3 Nd5 33. Bc4 Nxc3 34. Kg4 d5 35. Bb3 d4 36. Kf3 a5 0-1

[Event "HUN-chT2 Breyer 1314"]
[Site "Hungary"]
[Date "2013.09.08"]
[Round "1"]
[White "Magyar, Jozsef"]
[Black "Jencsik, Attila"]
[Result "1-0"]
[WhiteElo "1923"]
[BlackElo "1790"]
[PlyCount "52"]
[EventDate "2013.09.08"]
[EventType "team-tourn"]
[EventRounds "9"]
[EventCountry "HUN"]
[SourceTitle "EXT 2016"]
[Source "ChessBase"]
[SourceDate "2015.10.08"]
[SourceVersion "1"]
[SourceVersionDate "2015.10.08"]
[SourceQuality "1"]
[WhiteTeam "Pet"]
[BlackTeam "Zsambek"]
[WhiteTeamCountry "HUN"]
[BlackTeamCountry "HUN"]

1. d4 d5 2. Nf3 Nc6 3. c3 Nf6 4. Bf4 e6 5. Nbd2 Be7 6. Qc2 0-0 7. e4 Nxe4 8. Nxe4 dxe4 9. Qxe4 Bd6 10. Ne5 Ne7 11. Bd3 g6 12. Bh6 Re8 13. Qf3 Bxe5 14. dxe5 Nf5 15. Bf4 f6 16. 0-0-0 Qd5 17. Qxd5 exd5 18. exf6 c6 19. h4 Kf7 20. g4 Nxh4 21. Rxh4 Kxf6 22. g5+ Kg7 23. Rdh1 Kg8 24. Rxh7 Re1+ 25. Rxe1 Kxh7 26. Re7+ Kg8 1-0

[Event "HUN-chT2 Breyer 1213"]
[Site "Hungary"]
[Date "2013.01.27"]
[Round "6.10"]
[White "Valis, Janos"]
[Black "Jencsik, Attila"]
[Result "1-0"]
[WhiteElo "2054"]
[BlackElo "1838"]
[PlyCount "67"]
[EventDate "2012.09.16"]
[EventType "team-tourn"]
[EventRounds "11"]
[EventCountry "HUN"]
[SourceTitle "EXT 2014"]
[Source "ChessBase"]
[SourceDate "2013.11.20"]
[SourceVersion "1"]
[SourceVersionDate "2013.11.20"]
[SourceQuality "1"]
[WhiteTeam "Husi"]
[BlackTeam "Zsambek"]
[WhiteTeamCountry "HUN"]
[BlackTeamCountry "HUN"]

1. e4 e5 2. Nf3 Nc6 3. Bb5 a6 4. Bxc6 dxc6 5. 0-0 Bg4 6. h3 Bxf3 7. Qxf3 Qf6 8. Qg3 Qd6 9. d3 0-0-0 10. Nd2 f6 11. Nc4 Qd7 12. Be3 Kb8 13. Rad1 Bd6 14. f4 exf4 15. Bxf4 Bxf4 16. Qxf4 Ne7 17. c3 Ng6 18. Qf3 Rhe8 19. Qh5 Qf7 20. Rf5 Rxe4 21. dxe4 Rxd1+ 22. Qxd1 Qxc4 23. Qd8+ Ka7 24. Qd4+ Qxd4+ 25. cxd4 Kb8 26. e5 fxe5 27. dxe5 b5 28. e6 Kb7 29. Rf7 c5 30. Rxg7 Kc6 31. Rxh7 Kd6 32. Rd7+ Kxe6 33. Rxc7 Kd5 34. Ra7 1-0